[Event "Bargteheide op"]
[Site "Bargteheide"]
[Date "2004.05.21"]
[Round "3"]
[White "Schmidt, Harald"]
[Black "Schinkowski, Christoph"]
[Result "1/2-1/2"]
[WhiteElo "2351"]
[BlackElo "2177"]
[PlyCount "76"]
[EventDate "2004.05.??"]
[EventType "swiss"]
[EventRounds "7"]
[EventCountry "GER"]
[SourceTitle "CBM 100 Extra"]
[Source "ChessBase"]
[SourceDate "2004.07.06"]
[SourceVersion "2"]
[SourceVersionDate "2004.07.06"]
[SourceQuality "1"]

1. e4 c5 2. d4 cxd4 3. Qxd4 Nc6 4. Qe3 Nf6 5. Bc4 e6 6. Nc3 Qc7 7. Bd2 Be7 8. 0-0-0 0-0 9. Bb3 a6 10. f4 d6 11. Nf3 b5 12. Rhg1 Na5 13. Kb1 Bb7 14. g4 Nxb3 15. axb3 Rfc8 16. Nd4 b4 17. g5 Nd7 18. Na4 Nc5 19. Nxc5 dxc5 20. Nf3 c4 21. Nd4 c3 22. Be1 Bc5 23. bxc3 bxc3 24. Rd3 a5 25. Rxc3 Qb6 26. Bf2 a4 27. g6 hxg6 28. f5 Bxd4 29. Qxd4 Qxd4 30. Bxd4 Bxe4 31. fxe6 fxe6 32. Kb2 a3+ 33. Kc1 Rxc3 34. Bxc3 Rc8 35. Kd2 Rd8+ 36. Kc1 Rc8 37. Kd2 Rd8+ 38. Kc1 Rc8 1/2-1/2

[Event "Kiel op-A 16th"]
[Site "Kiel"]
[Date "2003.08.01"]
[Round "9.10"]
[White "Meyer, Malte"]
[Black "Schinkowski, Christoph"]
[Result "1/2-1/2"]
[WhiteElo "2293"]
[BlackElo "2138"]
[PlyCount "84"]
[EventDate "2003.07.??"]
[EventType "swiss"]
[EventRounds "9"]
[EventCountry "GER"]
[SourceTitle "CBM 095 Extra"]
[Source "ChessBase"]
[SourceDate "2003.09.04"]
[SourceVersion "1"]
[SourceVersionDate "2003.09.04"]
[SourceQuality "1"]

1. d4 Nf6 2. c4 e6 3. Nf3 b6 4. a3 Bb7 5. Nc3 d5 6. cxd5 Nxd5 7. Qc2 Nxc3 8. Qxc3 h6 9. g3 a5 10. Bf4 Bd6 11. Bxd6 Qxd6 12. Bg2 0-0 13. 0-0 Nd7 14. Rfd1 Rfd8 15. Rac1 Rac8 16. Qe3 Bd5 17. Rd3 c5 18. dxc5 Rxc5 19. Rcd1 Rdc8 20. Ne1 Nf6 21. Bxd5 Nxd5 22. Qf3 Qc6 23. e4 Nf6 24. Rd8+ Rxd8 25. Rxd8+ Kh7 26. Nd3 Rc2 27. Rf8 Qxe4 28. Qxe4+ Nxe4 29. Rxf7 Rd2 30. Rd7 Nxf2 31. Nc5 Nh3+ 32. Kh1 Re2 33. Nd3 Ng5 34. Kg1 Nf3+ 35. Kf1 Rxh2 36. Rb7 e5 37. Nf2 e4 38. Nxe4 Rxb2 39. Nd6 Ra2 40. Ne8 Rxa3 41. Rxg7+ Kh8 42. Rg6 Kh7 1/2-1/2

[Event "Kiel op-A 16th"]
[Site "Kiel"]
[Date "2003.07.30"]
[Round "7.21"]
[White "Zimmat, Thorben"]
[Black "Schinkowski, Christoph"]
[Result "0-1"]
[WhiteElo "2022"]
[BlackElo "2138"]
[PlyCount "50"]
[EventDate "2003.07.??"]
[EventType "swiss"]
[EventRounds "9"]
[EventCountry "GER"]
[SourceTitle "CBM 095 Extra"]
[Source "ChessBase"]
[SourceDate "2003.09.04"]
[SourceVersion "1"]
[SourceVersionDate "2003.09.04"]
[SourceQuality "1"]

1. e4 c5 2. Nf3 Nc6 3. d4 cxd4 4. Nxd4 g6 5. c4 Nf6 6. Nc3 d6 7. f3 Nxd4 8. Qxd4 Bg7 9. Qf2 0-0 10. Be3 Be6 11. Bxa7 Qa5 12. Bd4 Rfc8 13. Be2 Bxc4 14. 0-0 b5 15. a4 Qb4 16. Bxc4 Rxc4 17. Ba7 bxa4 18. Rxa4 Qb3 19. Rfa1 Rxa4 20. Nxa4 Nd7 21. g3 Nc5 22. Nxc5 dxc5 23. Qxc5 Qxf3 24. Rf1 Qxe4 25. b4 Rxa7 0-1

[Event "Travemuende op 19th"]
[Site "Travemuende"]
[Date "2002.12.30"]
[Round "7"]
[White "Rueberg, Jobst"]
[Black "Schinkowski, Christoph"]
[Result "0-1"]
[WhiteElo "2335"]
[BlackElo "2115"]
[PlyCount "66"]
[EventDate "2002.12.21"]
[EventType "swiss"]
[EventRounds "7"]
[EventCountry "GER"]
[SourceTitle "EXT 2004"]
[Source "ChessBase"]
[SourceDate "2003.11.25"]
[SourceVersion "1"]
[SourceVersionDate "2003.11.25"]
[SourceQuality "1"]

1. e4 d5 2. exd5 Qxd5 3. Nc3 Qa5 4. Bc4 c6 5. Nf3 Nf6 6. 0-0 Bg4 7. Re1 Nbd7 8. d4 e6 9. Qd3 Bd6 10. h3 Bf5 11. Qe2 0-0 12. Bd2 Qc7 13. Bb3 h6 14. Ne5 a6 15. Bf4 Rfe8 16. Rad1 Rad8 17. Bg3 b5 18. Qf3 b4 19. Nxf7 Bxg3 20. fxg3 Kxf7 21. Qxf5 bxc3 22. Bxe6+ Kf8 23. bxc3 Qxg3 24. c4 g6 25. Qf1 Kg7 26. Rd3 Qg5 27. Rf3 Re7 28. Qf2 Rde8 29. h4 Rxe6 30. hxg5 Rxe1+ 31. Qxe1 Rxe1+ 32. Kf2 Rc1 33. gxf6+ Nxf6 0-1

[Event "Travemuende op 19th"]
[Site "Travemuende"]
[Date "2002.12.29"]
[Round "6"]
[White "Schinkowski, Christoph"]
[Black "Mueller, Oliver"]
[Result "1/2-1/2"]
[WhiteElo "2115"]
[BlackElo "2237"]
[PlyCount "120"]
[EventDate "2002.12.21"]
[EventType "swiss"]
[EventRounds "7"]
[EventCountry "GER"]
[SourceTitle "EXT 2004"]
[Source "ChessBase"]
[SourceDate "2003.11.25"]
[SourceVersion "1"]
[SourceVersionDate "2003.11.25"]
[SourceQuality "1"]

1. e4 c6 2. c4 d5 3. exd5 cxd5 4. d4 Nf6 5. Nc3 e6 6. cxd5 exd5 7. Bg5 Be7 8. Bd3 Nc6 9. Nge2 0-0 10. 0-0 h6 11. Bh4 Be6 12. Rc1 Rc8 13. Bb1 Nh5 14. Bxe7 Qxe7 15. Qd3 g6 16. Qe3 Kg7 17. Rce1 Rfe8 18. h3 Qb4 19. Qd2 Na5 20. b3 Nc6 21. Rd1 Nf6 22. f4 Bd7 23. f5 Ne4 24. f6+ Kh7 25. Bxe4 dxe4 26. d5 Qc5+ 27. Kh1 Nb4 28. Qf4 Nd3 29. Qg3 Bb5 30. h4 e3 31. Kh2 Nf2 32. Rd4 Bxe2 33. Nxe2 Qb5 34. Qf3 h5 35. d6 Rcd8 36. Rd5 Ng4+ 37. Kg1 Qc6 38. Rxh5+ Nh6 39. Qxc6 bxc6 40. Ra5 Rxd6 41. Rxa7 Kg8 42. Re7 Kf8 43. Rxe8+ Kxe8 44. Re1 Ng4 45. Nc3 Rxf6 46. Nd1 Re6 47. Kf1 f5 48. g3 c5 49. Ke2 Ra6 50. a4 c4 51. bxc4 Rxa4 52. Nxe3 Ra2+ 53. Nc2 Kd7 54. Kd3 Nf2+ 55. Kc3 Ne4+ 56. Kb3 Ra8 57. g4 Rb8+ 58. Ka4 Kc6 59. Nb4+ Kb6 60. gxf5 gxf5 1/2-1/2

[Event "JBLN West 0102 "]
[Site "Germany"]
[Date "2002.02.09"]
[Round "?"]
[White "Sturm, Tobias"]
[Black "Schinkowski, Christoph"]
[Result "1-0"]
[WhiteElo "1904"]
[BlackElo "1871"]
[PlyCount "67"]
[EventDate "2002.10.??"]
[EventType "team"]
[EventRounds "9"]
[EventCountry "GER"]
[SourceTitle "EXT 2005"]
[Source "ChessBase"]
[SourceDate "2004.11.15"]
[SourceVersion "1"]
[SourceVersionDate "2004.11.15"]
[SourceQuality "1"]

1. e4 c5 2. c3 d5 3. exd5 Qxd5 4. Nf3 Nf6 5. d4 Bg4 6. Be2 e6 7. 0-0 Nc6 8. Be3 cxd4 9. Nxd4 Bxe2 10. Qxe2 Rd8 11. Nxc6 Qxc6 12. Bxa7 b6 13. Qa6 Nd5 14. c4 Nb4 15. Qxb6 Qxb6 16. Bxb6 Rb8 17. c5 Nc2 18. Nc3 Nxa1 19. Rxa1 Be7 20. a4 0-0 21. a5 Rfc8 22. b4 Kf8 23. Rd1 Bd8 24. Na4 Ke7 25. Kf1 e5 26. Ke2 Ke6 27. Rd6+ Ke7 28. Kd3 f5 29. Kc4 e4 30. a6 Bc7 31. Bxc7 Rxc7 32. Nb6 Kf7 33. b5 g5 34. Nd5 1-0